| 000 | 00480cam a22002051 4500 | ||
|---|---|---|---|
| 001 | sa 64005861 | ||
| 003 | DLC | ||
| 005 | 20260227112035.0 | ||
| 008 | 881028s1961 xx 000 0 beno | ||
| 010 | _asa 64005861 | ||
| 035 | _a(OCoLC)23577878 | ||
| 040 |
_aDLC _cMiU _dDLC |
||
| 042 | _apremarc | ||
| 050 | 0 | 0 |
_aPK1718.A365 _bR5 |
| 100 | 1 | _aAhmad, Reyazuddin. | |
| 245 | 1 | 0 | _aRimjhima barashāẏa. |
| 260 | _c[1961] | ||
| 300 |
_a104 p. _c20 cm. |
||
| 500 | _aRomanized. | ||
| 999 |
_c59371 _d59371 |
||